00411cam a2200169u 4500001001300000003000400013005001700017008004100034010001700075040001900092050001500111100004100126245002700167260001900194300001100213999001700224unk80010293 DLC20260227112757.0801222s1904 xx 000 0 eng  aunk80010293  aDLCcCarPdDLC00aF880b.M151 aMcCormick, Robert Laird,d1847-1911.10aAddress of greeting... a[n. p.,c1904] ap. cm. c91293d91293